[Event "ZH-2023-0-02118"]
[Site "LSS email"]
[Date "2023.01.31"]
[Round "?"]
[White "Cvak, Rudolf"]
[Black "Ozen, Bahadir"]
[Result "1/2-1/2"]
[WhiteElo "2271"]
[BlackElo "2261"]
[PlyCount "64"]
[EventDate "2023.01.31"]
[EventType "match (corr)"]
[EventRounds "2"]
[EventCountry "GER"]
[SourceTitle "Corr 2024"]
[Source "ChessBase"]
[SourceDate "2023.10.19"]
[SourceVersion "1"]
[SourceVersionDate "2023.10.19"]
[SourceQuality "1"]

1. Nf3 d5 2. g3 g6 3. Bg2 Bg7 4. d4 Nf6 5. c4 c6 6. 0-0 0-0 7. b3 dxc4 8. bxc4 c5 9. Bb2 cxd4 10. Nxd4 Qb6 11. Qc1 Bd7 12. Nd2 Nc6 13. e3 Rac8 14. Bc3 Nxd4 15. exd4 Bf5 16. a4 Bd3 17. c5 Qc7 18. Re1 Rfd8 19. Qa3 Ba6 20. Rac1 Bh6 21. Rc2 Nd5 22. Nf3 Bd3 23. Rb2 b6 24. Bd2 Bxd2 25. Rxd2 Bf5 26. Rc1 Nf6 27. Qb3 e6 28. h4 Be4 29. Ne5 Bxg2 30. Kxg2 Qb7+ 31. Qf3 Qxf3+ 32. Nxf3 Rd5 1/2-1/2

[Event "ZH-2023-0-02118"]
[Site "LSS email"]
[Date "2023.01.31"]
[Round "?"]
[White "Ozen, Bahadir"]
[Black "Cvak, Rudolf"]
[Result "1/2-1/2"]
[WhiteElo "2261"]
[BlackElo "2271"]
[PlyCount "67"]
[EventDate "2023.01.31"]
[EventType "match (corr)"]
[EventRounds "2"]
[EventCountry "GER"]
[SourceTitle "Corr 2024"]
[Source "ChessBase"]
[SourceDate "2023.10.19"]
[SourceVersion "1"]
[SourceVersionDate "2023.10.19"]
[SourceQuality "1"]

1. d4 Nf6 2. c4 g6 3. Nc3 d5 4. cxd5 Nxd5 5. e4 Nxc3 6. bxc3 Bg7 7. Nf3 c5 8. Rb1 0-0 9. Be2 cxd4 10. cxd4 Qa5+ 11. Bd2 Qxa2 12. 0-0 Bg4 13. Be3 Nc6 14. d5 Bxf3 15. Bxf3 Ne5 16. Rxb7 a5 17. Be2 Rfe8 18. Bc5 a4 19. Bb5 Rec8 20. Bxe7 a3 21. d6 Qe6 22. d7 a2 23. dxc8Q+ Qxc8 24. Qd8+ Qxd8 25. Bxd8 a1Q 26. Rxa1 Rxa1+ 27. Bf1 h6 28. Bc7 g5 29. Bxe5 Bxe5 30. g3 Re1 31. Rb4 Rd1 32. Kg2 Rd4 33. Rxd4 Bxd4 34. f4 1/2-1/2

[Event "ZH-2023-0-02109"]
[Site "LSS email"]
[Date "2023.01.29"]
[Round "?"]
[White "Cvak, Rudolf"]
[Black "Ozen, Bahadir"]
[Result "1/2-1/2"]
[WhiteElo "2273"]
[BlackElo "2259"]
[PlyCount "78"]
[EventDate "2023.01.29"]
[EventType "match (corr)"]
[EventRounds "2"]
[EventCountry "GER"]
[SourceTitle "Corr 2024"]
[Source "ChessBase"]
[SourceDate "2023.10.19"]
[SourceVersion "1"]
[SourceVersionDate "2023.10.19"]
[SourceQuality "1"]

1. e4 c5 2. Nc3 d6 3. Nf3 Nf6 4. d4 cxd4 5. Nxd4 a6 6. f3 e5 7. Nb3 Be6 8. Be3 h5 9. Be2 Nbd7 10. f4 g6 11. h3 b5 12. a3 Rc8 13. 0-0 Rxc3 14. bxc3 Nxe4 15. Bf3 Nxc3 16. Qe1 Na4 17. fxe5 dxe5 18. Bc6 Qc7 19. Bxd7+ Bxd7 20. Bd2 Bf5 21. Ba5 Qa7+ 22. Kh1 f6 23. c4 bxc4 24. Qh4 Qf7 25. Nd2 Be7 26. Nxc4 Nc5 27. Bb4 Qe6 28. Ne3 g5 29. Nxf5 gxh4 30. Ng7+ Kf7 31. Nxe6 Kxe6 32. Rab1 Rb8 33. Kg1 f5 34. Rfd1 e4 35. Rdc1 Rb5 36. Kf1 Nd3 37. Rc6+ Ke5 38. Rxa6 Bxb4 39. axb4 Kf4 1/2-1/2